Slovenské štvorspevy sošit I.

Bibliographic Details
Corporate Author: Kníhtlačiarsky účastinársky spolok (Martin, Slovensko) (Printer)
Other Authors: Meličko, Ján 1846-1926 (Compiler), Bulla, Blažej, 1852-1919 (Compiler)
Format: Musical Score Book
Language:Slovak
PhysicalDescription:24 s. (28x20 cm)
Published: Turčiansky Sv. Martin Turčiansko-Sväto-Martinský Slovenský Spevokol 1895
Subjects:

MARC

LEADER 00000ccmaa2200000 a 4500
001 vtls009870020
003 SK-MaSNL
005 20260301082936.0
008 180810s1895 xo sgdfgri 0 slo
040 |a SNK  |b slo  |c SNK  |e AACR2 
041 0 |a slo 
044 |a xo  |c SK 
048 |b vd02  |b ve02 
080 |a 784.4  |2 2001 
080 |a (437.6)  |2 2001 
245 0 0 |a Slovenské štvorspevy  |h hudobnina  |n sošit I.  |c usporadujú: Ján Meličko - správca ; Blažej Bulla - podsprávca 
260 |a Turčiansky Sv. Martin  |b Turčiansko-Sväto-Martinský Slovenský Spevokol  |c 1895 
300 |a 24 s.  |c (28x20 cm) 
500 |a Brožovaná 
500 |a Rukopisný provencienčný záznam na obale diela: Hrdlicska Berta 
546 |a Slovenčina  |b Antikva  |b Kurzíva 
561 |a Knižnica Berty Hrdlicskej  |5 SVKBBPH 
655 7 |a slovenské piesne  |2 SVKBBPH  |9 276772 
700 1 |a Meličko, Ján  |d 1846-1926  |4 com  |9 167860 
700 1 |a Bulla, Blažej,  |d 1852-1919  |4 com  |9 17065 
710 1 2 |a Turčiansko-Sväto-Martinský Slovenský Spevokol  |4 pbl  |9 408902 
710 1 2 |a Kníhtlačiarsky účastinársky spolok (Martin, Slovensko)  |4 prt  |9 93127 
852 |a študovňa historických knižných fondov 
958 |a ONDV 
999 |c 659439  |d 661369 
952 |a SNK  |b SNK  |y PREZ  |7 0  |p 17A0952632  |o snkHSB 4465  |i snkHSP 92/56  |0 0  |1 0  |4 0  |d 2013-02-15  |l 0  |r 2026-02-23 18:49:32  |w 2026-02-23 
952 |a SNK  |b SNK  |y PREZ  |7 0  |p 17A0952634  |o snkHSB 4465 D1  |i snkHSP 93/56  |0 0  |1 0  |4 0  |d 2013-02-15  |l 0  |r 2026-02-23 18:49:32  |w 2026-02-23 
952 |a SNK  |b SNK  |y PREZ  |7 0  |p 17A0952684  |o snkHSB 4465 D2  |i snkF 2165/81  |8 5  |0 0  |1 0  |4 0  |d 2013-02-15  |l 0  |r 2026-02-23 18:49:32  |w 2026-02-23